| 000 | 01220 a2200385 4500 | ||
|---|---|---|---|
| 999 |
_c74973 _d2939 |
||
| 001 | 74973 | ||
| 003 | TR-AnTOB | ||
| 005 | 20240913073755.0 | ||
| 008 | 110217s2009 tu a b 000 0 d | ||
| 020 | _a9789751944504 | ||
| 040 |
_aTR-AnTOB _cTR-AnTOB _beng _erda |
||
| 041 | _atur | ||
| 050 |
_aLB2342.2.T9 _bT87 2009 |
||
| 090 | _aLB2342.2.T9 T87 2009 | ||
| 100 |
_aTürkmen, Fatih _955137 |
||
| 245 | 0 |
_aYükseköğretim sistemi için bir finansman modeli önerisi / _cFatih Türkmen. |
|
| 264 | 1 |
_aAnkara : _bDPT , _c2009. |
|
| 300 |
_a74 s. ; _btabl. ; _c23 cm. |
||
| 336 |
_2rdacontent _atext _btxt |
||
| 337 |
_2rdamedia _aunmediated _bn |
||
| 338 |
_2rdacarrier _avolume _bnc |
||
| 490 | 0 |
_aDevlet Planlama Teşkilatı ; _v2787 |
|
| 650 |
_aFinans _xYönetim _955140 |
||
| 650 |
_aYükseköğretim _xEkonomik yönleri _zTürkiye _927598 |
||
| 650 |
_aEducation, Higher _xEconomic aspects _zTurkey _927599 |
||
| 650 |
_aFinance _xManagement _955138 |
||
| 650 | 7 |
_aŞirketler _xFinans _2 _93697 |
|
| 650 |
_aCorporations _xFinance _9515 |
||
| 710 | 2 |
_aDevlet Planlama Teşkilatı (Türkiye) _934114 |
|
| 902 | _a0028657 | ||
| 903 | _aMerkez Kütüphane | ||
| 942 |
_cBK _2lcc |
||
| 945 | _aSC,CS | ||